| 000 | 00655cam a2200217 4500500 | ||
|---|---|---|---|
| 005 | 20260405001744.0 | ||
| 041 | _afre | ||
| 042 | _adc | ||
| 100 | 1 | 0 |
_aEnjalbert, Cédric _eauthor |
| 245 | 0 | 0 | _aAntoine d’Agata: “Je suis entré dans une spirale d’intensité” |
| 260 | _c2014. | ||
| 500 | _a30 | ||
| 690 | _aAlcool | ||
| 690 | _aAntoine d’Agata | ||
| 690 | _aDrogue | ||
| 690 | _aJouissance | ||
| 690 | _aPhoto | ||
| 690 | _aPlaisir | ||
| 786 | 0 | _nPhilosophie magazine | 80 | 6 | 2014-06-01 | p. 15-15 | 1951-1787 | |
| 856 | 4 | 1 | _uhttps://shs.cairn.info/magazine-philosophie-magazine-2014-6-page-15?lang=fr&redirect-ssocas=7080 |
| 999 |
_c2050736 _d2050736 |
||